LEADER 01067nam--2200349---450- 001 990000624960203316 035 $a0062496 035 $aUSA010062496 035 $a(ALEPH)000062496USA01 035 $a0062496 100 $a20010912d1974----km-y0itay0103----ba 101 $aeng 102 $aUS 105 $a||||||||001yy 200 1 $aOperating systems$fDionysios C. Tsichritzis and Philip A. Bernstein 210 $aNew York$cAcademic press$d1974 215 $aXVIII, 298 p.$cill.$d23 cm 225 2 $aComputer science and applied mathematics 410 $12001$aComputer science and applied mathematics 676 $a001.64404 700 1$aTSICHRITZIS,$bDionysios C.$050997 701 1$aBERNSTEIN,$bPhilip A.$050998 801 0$aIT$bsalbc$gISBD 912 $a990000624960203316 951 $a510 CSM 13$b6987 CBS$c510$d00108276 959 $aBK 969 $aSCI 979 $aPATTY$b90$c20010912$lUSA01$h1637 979 $c20020403$lUSA01$h1712 979 $aPATRY$b90$c20040406$lUSA01$h1643 996 $aOperating systems$9957256 997 $aUNISA LEADER 01288oam 2200409zu 450 001 9910873515103321 005 20241212220433.0 035 $a(CKB)3420000000000711 035 $a(SSID)ssj0000750987 035 $a(PQKBManifestationID)12306170 035 $a(PQKBTitleCode)TC0000750987 035 $a(PQKBWorkID)10750518 035 $a(PQKB)11685631 035 $a(NjHacI)993420000000000711 035 $a(EXLCZ)993420000000000711 100 $a20160829d2012 uy 101 0 $aeng 135 $aur||||||||||| 181 $ctxt 182 $cc 183 $acr 200 10$a2012 3rd International Workshop on Emerging Trends in Software Metrics 210 31$a[Place of publication not identified]$cIEEE$d2012 215 $a1 online resource (various pagings) $cillustrations 300 $aBibliographic Level Mode of Issuance: Monograph 311 08$a9781467317634 311 08$a1467317632 320 $aIncludes bibliographical references and index. 606 $aSoftware measurement$vCongresses 615 0$aSoftware measurement 676 $a005.1 702 $aIEEE Staff 801 0$bPQKB 906 $aPROCEEDING 912 $a9910873515103321 996 $a2012 3rd International Workshop on Emerging Trends in Software Metrics$92519116 997 $aUNINA LEADER 03553nam 2200745 a 450 001 9910821781603321 005 20230803024543.0 010 $a9786613688965 010 $a9781118338094 010 $a111833809X 010 $a9781280778575 010 $a1280778571 010 $a9781118338087 010 $a1118338081 010 $a9781118338070 010 $a1118338073 010 $a9781118338100 010 $a1118338103 035 $a(CKB)2670000000208352 035 $a(EBL)947541 035 $a(OCoLC)797916490 035 $a(SSID)ssj0000676770 035 $a(PQKBManifestationID)11415813 035 $a(PQKBTitleCode)TC0000676770 035 $a(PQKBWorkID)10683650 035 $a(PQKB)11460960 035 $a(MiAaPQ)EBC947541 035 $a(Au-PeEL)EBL947541 035 $a(CaPaEBR)ebr10575636 035 $a(CaONFJC)MIL368896 035 $a(Perlego)1001700 035 $a(EXLCZ)992670000000208352 100 $a20120523d2013 uy 0 101 0 $aeng 135 $aur|n|---||||| 181 $ctxt 182 $cc 183 $acr 200 10$aBasics of blood management /$fPetra Seeber, Aryeh Shander 205 $a2nd ed. 210 $aChichester, West Sussex ;$aHoboken, N.J. $cJohn Wiley & Sons$d2013 215 $a1 online resource (362 p.) 300 $aTwo columns to the page. 311 08$a9780470670705 311 08$a0470670703 320 $aIncludes bibliographical references and index. 327 $aBasics of Blood Management; Contents; Preface; Preface to the First Edition; 1: History and Organization of Blood Management; 2: Physiology of Anemia and Oxygen Transport; 3: Anemia Therapy I: Erythropoiesis-Stimulating Agents; 4: Anemia Therapy II: Hematinics; 5: Growth Factors; 6: Fluid Management; 7: Chemistry of Hemostasis; 8: Recombinant Blood Products; 9: Artificial Blood; 10: Oxygen Therapy; 11: Preparation of the Patient for Surgery; 12: Iatrogenic Blood Loss; 13: Physical Methods of Hemostasis; 14: Anesthesia-More than Sleeping; 15: Use of Autologous Blood; 16: Cell Salvage 327 $a17: Blood-Derived Pharmaceuticals18: Transfusion Medicine; 19: Step by Step to an Organized Blood Management Program; 20: Law, Ethics, Religion, and Blood Management; Appendix A: Detailed Information; Appendix B: Sources of Information for Blood Management; Appendix C: Program Tools and Forms; Appendix D: Teaching Aids: Research and Projects; Index 330 $aTo reduce transfusion-related morbidity and mortality, it is recommended that an integrated approach to blood management is employed using all available tools to reduce a patient's exposure to donor blood. Meeting the need for a book covering the concepts of blood management as a trend towards multidisciplinary blood management, this new edition is an important resource, providing healthcare professionals with a tool to develop background knowledge in blood management, its organization, methods and tools. Practicing clinicians will be fully prepared to successfully start and run blood manageme 606 $aTransfusion-free surgery 606 $aBlood$xTransfusion 606 $aBlood banks 615 0$aTransfusion-free surgery. 615 0$aBlood$xTransfusion. 615 0$aBlood banks. 676 $a362.17/84 700 $aSeeber$b Petra$0862179 701 $aShander$b Aryeh$0862180 801 0$bMiAaPQ 801 1$bMiAaPQ 801 2$bMiAaPQ 906 $aBOOK 912 $a9910821781603321 996 $aBasics of blood management$91924575 997 $aUNINA